Etiqueta de registo: 00254nam 2200025 450
001 2288103
003 http://id.bnportugal.gov.pt/bib/catbnp/2288103
010 ## $a978-989-23-6894-8
021 ## $aPT$b561087/26
100 ## $a20260617d2026 b y0pory01030103ba
101 0# $apor
102 ## $aPT
105 ## $aa z 000yy
106 ## $ar
200 1# $a Os valores em poesia$fMaria do Rosário Moita Macedo$gil. Bolota
205 ## $a1ª ed
210 #9 $aAlfragide$cASA,$d2026
215 ## $a[36] p.$cil.$d23 cm
700 #1 $aMacedo,$bMaria do Rosário Moita$32000856
702 #0 $aBolota$4440$31830690
801 #0 $aPT$bBN$gRPC
966 ## $lBN$mFGMON$x1
966 ## $lBN$mFGMON$x1
971 ## $corlando$d20260617